MARC

LEADER 00000nam0a2200000 4500
001 331793
005 20231102004406.0
035 |a (RuTPU)RU\TPU\book\357652 
035 |a RU\TPU\book\353230 
090 |a 331793 
100 |a 20170504d1969 m y0rusy50 ca 
101 0 |a fre  |a rus 
102 |a RU 
105 |a a j 001zy 
200 1 |a Грамматика французского языка для заочных неязыковых факультетов университетов и неязыковых вузов  |e учебник  |f П. И. Заславская [и др.] 
210 |a Москва  |c Высшая школа  |d 1969 
215 |a 339 с.  |c табл. 
320 |a Указатель: с. 329-334 
606 1 |a Французский язык  |x Учебные руководства и пособия для вузов  |x Пособия по грамматике  |2 stltpush  |3 (RuTPU)RU\TPU\subj\16838  |9 42738 
610 1 |a грамматика 
610 1 |a произношение 
610 1 |a чтение 
610 1 |a морфология 
610 1 |a синтаксис 
610 1 |a грамматические упражнения 
610 1 |a грамматические формы 
610 1 |a грамматические ошибки 
686 |a Ш147.11-923.2  |v LBC/SL-A  |2 rubbk 
701 1 |a Заславская  |b П. И.  |g Полина Иосифовна 
701 1 |a Алямская  |b Н. В.  |g Нина Владимировна 
701 1 |a Пашинина  |b Р. А.  |g Римма Александровна 
701 1 |a Турусова  |b А. М.  |g Александра Михайловна 
701 1 |a Успенская  |b Е. В.  |g Елена Васильевна 
801 1 |a RU  |b 63413507  |c 20170201 
801 2 |a RU  |b 63413507  |c 20220426  |g RCR 
942 |c BK